The Euro Area’s Achilles Heel: Reassessing Italy’s Long Decline in the Context of European Integration and Globalisation

Gespeichert in:
Bibliographische Detailangaben
1. Verfasser: Guarascio, Dario
Weitere Verfasser: Heimberger, Philipp, Zezza, Francesco
Format: Buch
Sprache:Englisch
Veröffentlicht: Vienna The Vienna Institute for International Economic Studies 2023
Schlagworte:
Tags: Tag hinzufügen
Keine Tags, Fügen Sie das erste Tag hinzu!

MARC

LEADER 00000nlm a2200000 4500
001 0296139
005 20240416114210.1
041 0 |a eng 
044 |a AT 
245 1 0 |a The Euro Area’s Achilles Heel: Reassessing Italy’s Long Decline in the Context of European Integration and Globalisation  |c Dario Guarascio, Philipp Heimberger and Francesco Zezza 
264 1 |a Vienna  |b The Vienna Institute for International Economic Studies  |c 2023 
300 |a 41 s. 
610 2 0 |a eurozóna 
610 2 0 |a integrácia ekonomická medzinárodná 
610 2 0 |a integrácia menová 
610 2 0 |a globalizácia 
610 2 0 |a Európska únia 
610 2 0 |a Taliansko 
100 1 |a Guarascio, Dario 
700 1 |a Heimberger, Philipp 
700 1 |a Zezza, Francesco